Регионална библиотека "Любен Каравелов" - Русе

Спасителят (Запис номер 205335)

MARC детайли
000 -Лидер
Контролно поле с фиксирана дължина 01614nam a2200409 c 4500
003 - Код на организацията, давaща контролен номер
Контролно поле BLK
005 - Дата и час на последна редакция
Контролно поле 20250722100620.0
008 - Елементи от данни с фиксирана дължина
fixed length control field 180411b bul|||||r ||||||| ||bul||
010 ## - Наследен системен номер
LC control number KNG00214940000
020 ## - Международен стандартен номер на книга ISBN
Международен стандартен номер на книга ISBN 978-954-389-452-9
040 ## - Източник на каталожния запис
Идентификатор на билиотеката - собственик на записа BLK
041 ## - Код за език
Код за езика на текст/звукозапис или на отделно заглавие Български
Код за езика КДБФ Български
072 #7 - Код за тематичната категория
Код организация bullib
Код за тематична категория Н83
Текст Чужда художествена литература Н
080 ## - УДК
Текстов определител УДК Американска литература (на САЩ)
УДК код - определител по УДК 821.111(73)
УДК определител -31
УДК - код + определител 821.111(73)-31
100 1# - Редна дума - Автор
Автор Спаркс, Никълъс
Авторска отговорност първи автор
R(LIN) 366848
139 ## - Редно поле
Редна дума Спаркс, Никълъс
Авторски знак Сп - С 55
245 10 - Сведения за заглавието
Заглавие Спасителят
Подзаглавни данни Роман
Редно поле (дума) Никълъс Спаркс; прев. от англ. Емилия Станимирова Карастойчева.
257 ## - Страна на издаване
Страна на създаване/издаване Съединени американски щати
260 ## - Област на издателските данни
Име на издателя, разпространителя и проч. Ера
Година на издаване 2017
Печатница София : Експертпринт
300 ## - Физическа характеристика
Страници 319 с.
Размери/Мащаб 20 см
380 ## - Жанр
Жанр Худож. лит.
500 ## - Общи забележки
Забележка Ориг. загл. The Rescue / Nicholas Sparks.
653 ## - Ключова дума – ненормативна
Ключова дума романи
659 ## - Тематичен бюлетин
Тематичен бюлетин Н
700 1# - Други автори (авторска отговорност)
Лично име Карастойчева, Емилия Станимирова
Дати, свързани с автора 1971 -
Друга информация Индолог. Преводач от английски език
Пълна форма на името Ничева-Карастойчева, Емилия Станимирова
9 (RLIN) 76920
852 ## - Местоположение
Форматна сигнатура Цб 288542
852 ## - Местоположение
Форматна сигнатура Цб 295284
Фондова буква Хранилище
856 4# - Електронен адрес и достъп
Електронен формат pdf - файл
856 4# - Електронен адрес и достъп
Електронен формат pdf - файл
999 ## - СИСТЕМНИ КОНТРОЛНИ НОМЕРА
Koha biblionumber 205335
Koha biblioitemnumber 205335
942 ## - АРТИКУЛИ
Вид на библиотечния материал Книги
Скрит в OPAC Не
Koha issues (borrowed), all copies 210
944 ## - СЪЗДАВАНЕ И РЕДАКЦИЯ на ЗАПИСА
Създаване/Редакция Създаване
Дата на регистрацията/редакция 17.12.2017
Статус, дата на статуса Цветомила Тодорова
Служител, извършил регистрацията/редакцията 30576
944 ## - СЪЗДАВАНЕ И РЕДАКЦИЯ на ЗАПИСА
Създаване/Редакция Редакция
Дата на регистрацията/редакция 29.12.2017
Статус, дата на статуса ф /
Служител, извършил регистрацията/редакцията Геновева_Генчева
999 ## - СИСТЕМНИ КОНТРОЛНИ НОМЕРА
Koha biblioitemnumber 205335
999 ## - СИСТЕМНИ КОНТРОЛНИ НОМЕРА
Koha biblioitemnumber 205335
999 ## - СИСТЕМНИ КОНТРОЛНИ НОМЕРА
Koha biblioitemnumber 205335
999 ## - СИСТЕМНИ КОНТРОЛНИ НОМЕРА
Koha biblioitemnumber 205335
Наличности
Код за отписване Код за изгубен артикул Източник на класификационната схема Код за повреда Коз за рестрикции Код за отдаване Артикулен № Име на библиотеката - собственик Име на библиотеката, в която се намира в момента Статус (Текущо местоположение) Дата на вписване в системата Местоположение - отдел Цена в лева Инвентарен номер Систематично азбучна сигнатура Баркод Номер на екземпляра Цена в евро Служебна бележка Служебен тип на артикула
  Не е изгубен Universal Decimal Classification Не е повреден без рестрикции заемане за дома 353606 Регионална библиотека "Любен Каравелов" Русе Регионална библиотека "Любен Каравелов" Русе Заемна - подръчен фонд 2017-12-15 Заемна - подръчен фонд 16.00 120000818248 П 820(73)-31/С 55 120000818248 1 8.18 Дост: Pk Вид: Ф N: 498 Дата: 15.12.2017 Дата инв: 07.03.2018 Бележки инв: П2018 Книги
  Не е изгубен Universal Decimal Classification Не е повреден без рестрикции заемане за дома 353607 Регионална библиотека "Любен Каравелов" Русе Регионална библиотека "Любен Каравелов" Русе Заемна - подръчен фонд 2017-12-15 Заемна - подръчен фонд 16.00 120000818249 П 820(73)-31/С 55 120000818249 2 8.18 Дост: Pk Вид: Ф N: 498 Дата: 15.12.2017 Дата инв: 13.03.2018 Бележки инв: П2018 Книги
  Не е изгубен Universal Decimal Classification Не е повреден без рестрикции заемане за дома 677476 Регионална библиотека "Любен Каравелов" Русе Регионална библиотека "Любен Каравелов" Русе Заемна - подръчен фонд 2018-06-18 Заемна - подръчен фонд 16.00 120000821297 П 820(73)-31/С 55 120000821297   8.18   Книги
  Не е изгубен Universal Decimal Classification Не е повреден без рестрикции заемане за дома 677477 Регионална библиотека "Любен Каравелов" Русе Регионална библиотека "Любен Каравелов" Русе Заемна - подръчен фонд 2018-06-18 Заемна - подръчен фонд 16.00 120000821298 П 820(73)-31/С 55 120000821298   8.18   Книги
  Не е изгубен Universal Decimal Classification Не е повреден само за читалня ползва се в читалня 728377 Регионална библиотека "Любен Каравелов" Русе Регионална библиотека "Любен Каравелов" Русе Хранилище 2019-07-05 Хранилище 16.00   Цб 295284 120000832705   8.18   Книги
  Не е изгубен Universal Decimal Classification Не е повреден без рестрикции заемане за дома 859264 Регионална библиотека "Любен Каравелов" Русе Регионална библиотека "Любен Каравелов" Русе Заемна - подръчен фонд 2021-10-29 Заемна - подръчен фонд 16.00   821-31/С 55 Н 120000861511   8.18   Книги
Vip Innovations Ltd, Rousse, Bulgaria 2025